| 000 | 00382 a2200157 4500 | ||
|---|---|---|---|
| 003 | NUST | ||
| 005 | 20230228191122.0 | ||
| 040 | _cNust | ||
| 082 | _a808.23,SAG | ||
| 100 |
_aSagar, Tariq Ismail _967184 |
||
| 245 |
_aSaazish / سازش (Urdu) / _cSagar, Tariq Ismail |
||
| 260 |
_aLahore _bSagar |
||
| 300 | _a410 p. | ||
| 650 |
_aUrdu novel _92511 |
||
| 942 |
_2ddc _cBK _k808.23,SAG |
||
| 999 |
_c195156 _d195156 |
||